| 000 | 00537nam a22001937a 4500 | ||
|---|---|---|---|
| 003 | OSt | ||
| 005 | 20180116183047.0 | ||
| 008 | 160721b xxu||||| |||| 00| 0 eng d | ||
| 020 | _a9788131787465 | ||
| 040 | _c0 | ||
| 082 | _a658.4038 LAU | ||
| 100 | _aKenneth C.Laudon | ||
| 245 |
_aManagement Information Systems: _bManaging The Digital Firm _cKenneth C.Laudon |
||
| 250 | _a12th edition | ||
| 260 |
_aIndia _bDorlling Kindersley _c2014 |
||
| 300 |
_a596 + p. _bPB |
||
| 440 | _aManagement Information Systems: | ||
| 942 |
_2ddc _cBK |
||
| 999 |
_c351464 _d351464 |
||